00376nam a2200121 a 450000100100000000500170001004000250002708200140005211000440006624500470011026000670015730000300022400002766720240307073947.0 aDO-SdBNPbspacBNPHU axxxbI35c1 aUniversidad Autónoma de Santo Domingo10aInauguración de la ciudad universitaria. aCiudad Trujillo, República Dominicana :bPol Hermano,c1946. a49 p. :bretrs. ;c23 cm.